Pedagogical applications and social effects of mobile technology integration

Saved in:
Bibliographic Details
Format: Book
Language:English
Tags: Add Tag
No Tags, Be the first to tag this record!
Call Number :

MARC

LEADER 00000nam a2200000 a 4500
001 100740
003 MY-KLNDU
005 20241220025547.0
008 141013 000 0 eng d
020 |a 9781466629851 
039 9 |y 201410132102  |z syarifuddin 
245 |a Pedagogical applications and social effects of mobile technology integration 
999 |a vtls000052970  |c 100740  |d 100740